| 000 | 01602 a2200241 4500 | ||
|---|---|---|---|
| 003 | Nust | ||
| 005 | 20170207153115.0 | ||
| 010 | _a 96012134 | ||
| 020 | _a0471592684 (cloth : acid-free paper) | ||
| 040 | _cNust | ||
| 082 | 0 | 0 | _a621.3824 |
| 100 | 1 | _aBalanis, Constantine A., | |
| 245 | 1 | 0 |
_aAntenna theory _cBlake,Lamont V _banalysis and design |
| 250 | _a2nd ed. | ||
| 260 |
_aNew York : _bWiley, _cc1997. |
||
| 300 |
_axvi, 414 p. : _bill. ; _c26 cm. + _e1 computer disk (3 1/2 in.) |
||
| 505 | _aAntennas (Page-1) Fundamental Parameters of Antennas (Page-17) Radiation Integrals and Auxiliary Potential Functions (Page-82) Linear Wire Antennas (Page-100) Loop Antennas (Page-164) Arrays Linear Planer and Circular (Page-204) Self and Mutual Impedance of Linear Elements and Arrayed and Finite Diameter Effects (Page-283) Broband Dipoles and Matching Techniques (Page-322) Travelling Wave and Broband Antennas (Page-372) Frequency Independent Antennas (Page-413) Aperture Antennas and Ground Plane Edge Effects (Page-446) Horns (Page-532) Reflectors and Lens Antennas (Page-593) Antennas Synthesis and Continus Sources (Page-593) Antenna Syntsis and Continues Sources (Page-658) Antennas Measurements (Page-703) | ||
| 538 | _aAlmirah No.38 Shelf No.3 | ||
| 650 | 0 | _aTelecommunication engineering | |
| 856 | 4 | 2 |
_3Contributor biographical information _uhttp://www.loc.gov/catdir/enhancements/fy0607/96012134-b.html |
| 856 | 4 | 2 |
_3Publisher description _uhttp://www.loc.gov/catdir/description/wiley037/96012134.html |
| 856 | 4 | 2 |
_3Table of Contents only _uhttp://www.loc.gov/catdir/toc/onix03/96012134.html |
| 942 |
_2ddc _cBK |
||
| 999 |
_c179241 _d179241 |
||